Bravo - The Hits 2009 - Statistiken

Allgemein
  • Dieses Quiz wurde 261 mal gespielt
  • Das Durchschnittsergebnis liegt bei 18 aus 43
Antwortstatistiken
Song Interpret % Korrekt
Poker Face Lady Gaga
99%
Hot N Cold Katy Perry
89%
Haus Am See Peter Fox
88%
Monsta Culcha Candela
82%
Halo Beyoncé
76%
Das Geht Ab (Wir Feiern Die Ganze Nacht) Frauenarzt & Manny Marc
71%
Right Round Flo Rida Feat. Ke$ha
69%
Boom Boom Pow The Black Eyed Peas
69%
Stadt Cassandra Steen Feat. Adel Tawil
64%
Ein Kompliment [Unplugged] Sportfreunde Stiller
62%
When Love Takes Over David Guetta Feat. Kelly Rowland
59%
Rehab Rihanna
58%
Pflaster Ich + Ich
55%
She Wolf Shakira
55%
Oh Jonny Jan Delay
54%
21 Guns Green Day
51%
Evacuate The Dancefloor Cascada
49%
I Know You Want Me (Calle Ocho) Pitbull
48%
Ayo Technology Milow
45%
Irgendwas Bleibt Silbermond
44%
Alles Kann Besser Werden Xavier Naidoo
42%
Hey Du! Sido
39%
Broken Strings James Morrison & Nelly Furtado
38%
Sober P!nk
38%
Dance With Somebody Mando Diao
37%
Secrets OneRepublic
36%
Manos Al Aire Nelly Furtado
31%
Heavy Cross Gossip
30%
Human The Killers
29%
Gives You Hell The All-American Rejects
26%
Jungle Drum Emilíana Torrini
25%
One Less Lonely Girl Justin Bieber
25%
Release Me Agnes
24%
Bulletproof La Roux
23%
Foot Of The Mountain a-ha
21%
Shake It Metro Station
18%
Wire To Wire Razorlight
17%
If A Song Could Get Me You Marit Larsen
16%
Automatisch Tokio Hotel
14%
Primavera In Anticipo (It Is My Song) Laura Pausini & James Blunt
8%
Get Sexy Sugababes
8%
Like A Hobo Charlie Winston
7%
I'll Be There The Jackson 5
3%
Keine übereinstimmenden Quizze gefunden
Verteilung der Resultate
Anzahl Personen mit jedem Resultat
Perzentil nach korrekt beantworteten Fragen
Ihre Resultats-Entwicklung
Sie haben dieses Quiz noch nicht gespielt